[Event "World Blitz Women 2017"]
[Site "Riyadh KSA"]
[Date "2017.12.30"]
[Round "13.14"]
[White "Mkrtchian, Lilit"]
[Black "Zhukova, Natalia"]
[Result "0-1"]
[WhiteTitle "IM"]
[BlackTitle "GM"]
[WhiteElo "2376"]
[BlackElo "2444"]
[WhiteFideId "13300601"]
[BlackFideId "14101513"]
[EventDate "2017.12.29"]

1. c4 c5 2. Nc3 Nc6 3. g3 g6 4. Bg2 Bg7 5. e3 d6 6. d3 e5 7. Qd2 Nge7 8. b3 Be6
9. Nd5 O-O 10. Bb2 Qd7 11. h4 h5 12. Ne2 Rab8 13. Nec3 f5 14. f4 Kh7 15. O-O Ng8
16. Rae1 Nh6 17. Nd1 Ng4 18. Nf2 b5 19. Nh3 Bg8 20. Ng5+ Kh8 21. Ba1 Nd8 22. d4
cxd4 23. exd4 e4 24. Ne3 Ne6 25. Nxe6 Bxe6 26. d5 Bg8 27. Bxg7+ Qxg7 28. Nxg4
hxg4 29. cxb5 Rxb5 30. Rc1 Rxd5 31. Qe3 Qd4 32. Qxd4+ Rxd4 33. Rc7 Rf7 34. Rc8
Kg7 35. Rfc1 Rf8 36. R1c7+ Bf7 37. Rxf8 Kxf8 38. Rxa7 e3 39. Bf1 Rd1 40. Ra8+
Ke7 41. Kg2 Bd5+ 0-1

[Event "World Blitz Women 2017"]
[Site "Riyadh KSA"]
[Date "2017.12.30"]
[Round "13.15"]
[White "Girya, Olga"]
[Black "Huang, Qian"]
[Result "0-1"]
[WhiteTitle "WGM"]
[BlackTitle "WGM"]
[WhiteElo "2484"]
[BlackElo "2438"]
[WhiteFideId "4195752"]
[BlackFideId "8602689"]
[EventDate "2017.12.29"]

1. d4 d6 2. Nf3 Bg4 3. e4 c6 4. Nc3 Nd7 5. h3 Bxf3 6. Qxf3 Ngf6 7. Be2 e5 8. Qd3
Qb6 9. dxe5 dxe5 10. O-O Nc5 11. Qg3 Qc7 12. Bf3 Ne6 13. Be2 b5 14. a3 Be7 15.
Be3 O-O 16. Rfd1 Rfd8 17. Bg4 Nxg4 18. Qxg4 a5 19. Ne2 g6 20. Ng3 Bf8 21. Rxd8
Rxd8 22. Rd1 Rxd1+ 23. Qxd1 Qd6 24. Qxd6 Bxd6 25. Ne2 a4 26. Kf1 Kg7 27. Ke1 f5
28. f3 Kf6 29. Kd2 h5 30. Nc1 fxe4 31. fxe4 Ng5 32. Kd3 Ne6 33. Ke2 Nc5 34. Kf3
Ne6 35. Ke2 c5 36. Kf3 b4 37. c4 bxc3 38. bxc3 c4 39. Ne2 Bxa3 40. Bb6 Bb2 41.
Ba5 a3 0-1

[Event "World Blitz Women 2017"]
[Site "Riyadh KSA"]
[Date "2017.12.30"]
[Round "13.16"]
[White "Vo, Thi Kim Phung"]
[Black "Kulon, Klaudia"]
[Result "1-0"]
[WhiteTitle "WGM"]
[BlackTitle "WGM"]
[WhiteElo "2380"]
[BlackElo "2370"]
[WhiteFideId "12401838"]
[BlackFideId "1131044"]
[EventDate "2017.12.29"]

1. d4 d5 2. c4 e6 3. Nc3 c6 4. cxd5 exd5 5. Qc2 Bd6 6. Nf3 Ne7 7. Bg5 f6 8. Bh4
Bf5 9. Qd2 O-O 10. e3 Bg6 11. Bg3 Nf5 12. Bd3 Qe7 13. Bxd6 Nxd6 14. Bxg6 hxg6
15. Qc2 Qf7 16. O-O g5 17. Rfe1 g4 18. Nd2 f5 19. f4 Nd7 20. Nf1 Nf6 21. Ng3 g6
22. b4 b5 23. Nd1 Nc4 24. Nf2 Rfe8 25. Nf1 a5 26. bxa5 Rxa5 27. Nd3 Ne4 28. Ne5
Qe6 29. a4 Rea8 30. Reb1 Rxa4 31. Rxa4 Rxa4 32. Qc1 Kg7 33. Ra1 Qc8 34. Qe1 Qa8
35. Rb1 Ra2 36. Qh4 Qe8 37. Ng3 Nxg3 38. hxg3 Nxe3 39. Rc1 Rxg2+ 40. Kh1 Rc2 41.
Ra1 Qb8 42. Qe7+ Kh6 43. Qg5+ Kh7 44. Qxg6+ Kh8 45. Nf7# 1-0

[Event "World Blitz Women 2017"]
[Site "Riyadh KSA"]
[Date "2017.12.30"]
[Round "13.17"]
[White "Socko, Monika"]
[Black "Belenkaya, Dina"]
[Result "0-1"]
[WhiteTitle "GM"]
[BlackTitle "WGM"]
[WhiteElo "2471"]
[BlackElo "2303"]
[WhiteFideId "1106619"]
[BlackFideId "24142654"]
[EventDate "2017.12.29"]

1. d4 d5 2. c4 dxc4 3. e3 Nf6 4. Nf3 e6 5. Bxc4 a6 6. a4 c5 7. O-O Nc6 8. Nc3
Bd6 9. dxc5 Bxc5 10. Qxd8+ Kxd8 11. Bd2 Ke7 12. Rfd1 Bd7 13. Rac1 Rhc8 14. e4
Ng4 15. Bg5+ f6 16. Bh4 Nge5 17. Nxe5 Nxe5 18. Be2 Bb4 19. Rd4 Bxc3 20. bxc3 Nc6
21. Rd2 Na5 22. Ra2 Nb3 23. Rcc2 Nc5 24. e5 Bxa4 25. exf6+ gxf6 26. Rd2 Bb3 27.
Rab2 a5 28. Bg3 a4 29. Bd6+ Kf7 30. Bh5+ Kg7 31. Rb1 Ne4 32. Rd4 Nxd6 33. Rxd6
Rxc3 34. Rd7+ Kh6 35. Bf3 Rac8 36. h4 b5 37. g4 R3c7 38. g5+ fxg5 39. hxg5+ Kxg5
40. Rd4 Rc1+ 41. Rxc1 Rxc1+ 42. Kh2 Rc4 43. Rd7 a3 44. Be2 Rb4 45. f4+ Kxf4 46.
Rxh7 Ke3 47. Bf1 a2 48. Rh3+ Kf2 49. Bg2 a1=Q 50. Rf3+ Ke2 51. Rf8 Rh4+ 52. Kg3
Qd4 53. Bf3+ Ke1 54. Kg2 Qf2# 0-1

[Event "World Blitz Women 2017"]
[Site "Riyadh KSA"]
[Date "2017.12.30"]
[Round "13.18"]
[White "Saduakassova, Dinara"]
[Black "Harika, Dronavalli"]
[Result "1/2-1/2"]
[WhiteTitle "IM"]
[BlackTitle "GM"]
[WhiteElo "2460"]
[BlackElo "2504"]
[WhiteFideId "13700090"]
[BlackFideId "5015197"]
[EventDate "2017.12.29"]

1. d4 d6 2. c4 g6 3. Nc3 Bg7 4. Nf3 Nd7 5. g3 Ngf6 6. Bg2 O-O 7. O-O e5 8. e4
exd4 9. Nxd4 Nc5 10. Qc2 Re8 11. Rd1 Qe7 12. Bg5 c6 13. Bf4 Nfxe4 14. Nxe4 Nxe4
15. Re1 Bxd4 16. Rxe4 Bf5 17. Rxe7 Bxc2 18. Rxb7 Re2 19. Rf1 Bd3 20. Bxc6 Rc2
21. Ba4 Bxf1 22. Bxc2 Bxc4 23. Ba4 Bd5 24. Rd7 Re8 25. Be3 Bxe3 26. fxe3 Rxe3
27. Rxd6 Be6 28. b3 Re2 29. Ra6 Rxa2 30. Rxa7 Kg7 31. Rc7 h5 32. Rc3 Rb2 33. Re3
Bd5 34. h4 Rg2+ 35. Kf1 Rb2 36. Ke1 Kf6 37. Rd3 Be6 38. Re3 Ke7 39. Kd1 Kd6 40.
Kc1 Rg2 41. Rd3+ Kc5 42. Kd1 Kb4 43. Re3 Rh2 44. Ke1 Rb2 45. Kf1 Bxb3 46. Bxb3
Rxb3 47. Re4+ Kc5 48. Kf2 Kd5 49. Re7 f5 50. Rg7 Ke4 51. Rxg6 Rb2+ 52. Kg1 Kf3
53. Rg5 Rb5 54. Kh2 Rb2+ 55. Kg1 Ra2 56. Rxf5+ Kxg3 57. Rf1 Rg2+ 58. Kh1 Rh2+
59. Kg1 Rb2 60. Rc1 Kxh4 61. Rc3 Kg4 62. Ra3 Re2 63. Rb3 Re4 64. Ra3 Rf4 65. Rb3
h4 66. Ra3 Rf3 67. Rxf3 Kxf3 1/2-1/2

[Event "World Blitz Women 2017"]
[Site "Riyadh KSA"]
[Date "2017.12.30"]
[Round "13.19"]
[White "Hoang, Thanh Trang"]
[Black "Gevorgyan, Maria"]
[Result "1-0"]
[WhiteTitle "GM"]
[BlackTitle "WIM"]
[WhiteElo "2439"]
[BlackElo "2275"]
[WhiteFideId "12400149"]
[BlackFideId "13300270"]
[EventDate "2017.12.29"]

1. d4 d5 2. Bf4 Nf6 3. e3 c5 4. Nf3 Nc6 5. c3 Qb6 6. Qc2 Bf5 7. dxc5 Bxc2 8.
cxb6 axb6 9. Na3 e5 10. Nxc2 exf4 11. exf4 Bd6 12. g3 O-O 13. Bd3 Rfe8+ 14. Kf1
Ne4 15. Kg2 Bc5 16. Ncd4 Bxd4 17. Nxd4 Nc5 18. Bb5 Rec8 19. a3 Nxd4 20. cxd4 Ne6
21. Bd7 Rc2 22. Bxe6 fxe6 23. Rab1 Rac8 24. Kf3 Kf7 25. Ke3 Kf6 26. Rhd1 Kf5 27.
h3 b5 28. Rd3 b4 29. axb4 R8c4 30. Rb3 b5 31. Ra1 g5 32. fxg5 e5 33. Rd1 Kxg5
34. dxe5 Re4+ 35. Kf3 Ree2 36. Rxd5 Rxf2+ 37. Ke4 Rfe2+ 38. Re3 Rxe3+ 39. Kxe3
Rxb2 40. Rxb5 Rb3+ 41. Ke4 Rxg3 42. Kd5 Rxh3 43. Kd6 h5 44. e6+ Kf6 45. Rd5 Re3
46. Rxh5 Rxe6+ 47. Kd7 Rb6 48. b5 Rb7+ 49. Kc6 Rb8 50. Rd5 Ke6 51. Rd2 Rc8+ 52.
Kb7 Rc4 53. b6 Rb4 54. Kc6 Rc4+ 55. Kb5 Rc1 56. b7 Rb1+ 57. Kc6 Rc1+ 58. Kb6
Rb1+ 59. Kc7 Rc1+ 60. Kb8 Rb1 61. Ra2 Kd6 62. Ka8 1-0

[Event "World Blitz Women 2017"]
[Site "Riyadh KSA"]
[Date "2017.12.30"]
[Round "13.20"]
[White "Cori T., Deysi"]
[Black "Cornette, Deimante"]
[Result "0-1"]
[WhiteTitle "WGM"]
[BlackTitle "IM"]
[WhiteElo "2389"]
[BlackElo "2439"]
[WhiteFideId "3801934"]
[BlackFideId "12802859"]
[EventDate "2017.12.29"]

1. d4 d5 2. Nf3 Nf6 3. c4 e6 4. Nc3 Bb4 5. Bg5 h6 6. Bxf6 Qxf6 7. e3 O-O 8. a3
Bxc3+ 9. bxc3 Nc6 10. Rb1 b6 11. Be2 Rd8 12. O-O dxc4 13. Bxc4 e5 14. dxe5 Nxe5
15. Bd5 c6 16. Nxe5 Rxd5 17. Ng4 Qg5 18. Qa4 Bxg4 19. h4 Qg6 20. f3 Bh3 21. Rb2
Rad8 22. Qxa7 Rd2 23. Rf2 Rxf2 24. Rxf2 c5 25. Qc7 Rd1+ 26. Kh2 Be6 27. Qxb6 Qf6
28. Qb8+ Kh7 29. Qg3 Qxc3 30. f4 Bf5 31. Qf3 Ra1 32. Qd5 Be6 33. Qe4+ g6 34. f5
Bxf5 35. Qe7 Kg7 36. e4 Qf6 37. Qxf6+ Kxf6 38. exf5 Rxa3 39. fxg6+ Kxg6 40. Rc2
Ra5 41. g4 Kf6 42. Kg3 Ke5 43. Rf2 Ra7 44. g5 hxg5 45. hxg5 c4 46. Kf3 Kd4 47.
Rd2+ Kc3 48. Rd6 Kb2 49. Rb6+ Kc2 50. Ke3 c3 51. Rf6 Kb2 52. Rb6+ Kc1 53. Kd3 c2
54. Rf6 Rd7+ 55. Kc3 Rc7+ 56. Kd3 Kb2 57. Rb6+ Ka3 58. Ra6+ Kb4 59. Rb6+ Ka5 0-1

[Event "World Blitz Women 2017"]
[Site "Riyadh KSA"]
[Date "2017.12.30"]
[Round "13.21"]
[White "Batchimeg, Tuvshintugs"]
[Black "Sukandar, Irine Kharisma"]
[Result "1-0"]
[WhiteTitle "IM"]
[BlackTitle "IM"]
[WhiteElo "2398"]
[BlackElo "2384"]
[WhiteFideId "4900839"]
[BlackFideId "7101937"]
[EventDate "2017.12.29"]

1. d4 Nf6 2. c4 e6 3. Nc3 d5 4. cxd5 exd5 5. Bg5 Be7 6. e3 O-O 7. Bd3 Nbd7 8.
Qc2 c6 9. Nf3 Re8 10. h3 Nf8 11. Bf4 Bd6 12. Bxd6 Qxd6 13. O-O-O b5 14. Kb1 a5
15. Rc1 Rb8 16. Ne2 Bb7 17. g4 Ne4 18. Bxe4 dxe4 19. Ng5 Qd5 20. h4 b4 21. Nf4
Qb5 22. Nxe4 a4 23. Nd6 b3 24. Qc3 bxa2+ 25. Ka1 Qb6 26. Nxe8 Rxe8 27. Qc5 Qa6
28. Qc4 Qb6 29. Qxa2 a3 30. bxa3 c5 31. dxc5 Qa6 32. Rhd1 Be4 33. Rd4 Bf3 34. g5
Ra8 35. Rd3 Be4 36. Rdc3 Qc6 37. Qd2 Qb5 38. Qd4 Rb8 39. Qb4 Qe8 40. Qd4 Qb5 41.
Qb4 Qe8 42. Qd4 Qb5 43. Qd2 Qc6 44. Rc4 Ra8 45. R4c3 Rb8 46. Ne2 Nd7 47. Nd4 Qa4
48. Qa2 Ne5 49. Rb3 Rc8 50. Qb2 Nd3 51. Rxd3 Bxd3 52. Qb4 Qa6 53. c6 Be4 54. c7
Bd5 55. Nb5 Be6 56. Nd6 Qa7 57. Nxc8 Qa8 58. Qe7 g6 59. Nb6 Qa5 60. c8=Q+ 1-0

[Event "World Blitz Women 2017"]
[Site "Riyadh KSA"]
[Date "2017.12.30"]
[Round "13.23"]
[White "Danielian, Elina"]
[Black "Batsiashvili, Nino"]
[Result "1-0"]
[WhiteTitle "GM"]
[BlackTitle "IM"]
[WhiteElo "2413"]
[BlackElo "2502"]
[WhiteFideId "13300210"]
[BlackFideId "13602993"]
[EventDate "2017.12.29"]

1. Nf3 d5 2. g3 Nf6 3. Bg2 c5 4. O-O h6 5. d4 cxd4 6. Nxd4 e5 7. Nb3 Nc6 8. c4
dxc4 9. Qxd8+ Kxd8 10. Rd1+ Kc7 11. Bxc6 bxc6 12. Na5 Be6 13. Nd2 Rd8 14. Rf1
Bc5 15. Naxc4 Bh3 16. Re1 Rhe8 17. a3 Ng4 18. Ne4 f5 19. Nxc5 Rd5 20. b4 e4 21.
Bf4+ Kd8 22. Red1 g5 23. Ne3 gxf4 24. Nxd5 cxd5 25. Rxd5+ Ke7 26. Rd7+ Kf6 27.
Rad1 fxg3 28. hxg3 Ne5 29. R1d6+ Kg5 30. Rg7+ Kh5 31. Ne6 Rxe6 32. Rxe6 Ng4 33.
f3 exf3 34. exf3 a5 35. fxg4+ Bxg4 36. bxa5 f4 37. Re5+ 1-0

[Event "World Blitz Women 2017"]
[Site "Riyadh KSA"]
[Date "2017.12.30"]
[Round "13.24"]
[White "Ambartsumova, Karina"]
[Black "Stefanova, Antoaneta"]
[Result "0-1"]
[WhiteTitle "WGM"]
[BlackTitle "GM"]
[WhiteElo "2359"]
[BlackElo "2500"]
[WhiteFideId "4166299"]
[BlackFideId "2902257"]
[EventDate "2017.12.29"]

1. Nf3 d5 2. g3 Bg4 3. Bg2 c6 4. O-O Nd7 5. d3 Ngf6 6. h3 Bh5 7. Nbd2 e5 8. e4
dxe4 9. dxe4 Bc5 10. Qe2 O-O 11. a4 Re8 12. Nc4 Qc7 13. g4 Bg6 14. Nh4 Nf8 15.
Be3 Ne6 16. Nf5 Bxe3 17. fxe3 Nc5 18. Ncd6 Re6 19. b4 Ncd7 20. Rfd1 a5 21. c3
Nb6 22. Nc4 axb4 23. cxb4 Nxa4 24. Qc2 b5 25. Nb2 Nb6 26. Rxa8+ Nxa8 27. Nd3 Nb6
28. Nc5 Re8 29. Qc3 Nc4 30. Kh2 h5 31. g5 Bxf5 32. gxf6 Bg6 33. fxg7 Kxg7 34.
Rd7 Qc8 35. Bf1 Nb6 36. Rd6 Qc7 37. Qd2 Re7 38. Rd8 Nc4 39. Bxc4 bxc4 40. h4 c3
41. Qd3 c2 42. Nb3 Qb6 43. Rc8 Qxb4 44. Qxc2 Qxe4 45. Qxe4 Bxe4 46. Nc5 Bd5 47.
e4 Be6 48. Rxc6 Kf6 49. Kg3 Ra7 50. Nxe6 fxe6 51. Rc4 Ra3+ 52. Kg2 Re3 53. Rb4
Ke7 54. Ra4 Kd6 55. Rc4 Re1 56. Kf2 Rh1 57. Kg3 Rd1 58. Kf3 Rd3+ 59. Kg2 Rd4 60.
Rc8 Rxe4 61. Kg3 Rg4+ 62. Kh3 Rf4 63. Kg3 Rf5 64. Rd8+ Kc5 65. Re8 Kd6 66. Rd8+
Ke7 67. Rh8 e4 68. Ra8 Kf6 69. Ra4 Rf3+ 70. Kg2 Kf5 71. Ra5+ e5 72. Ra8 Kg4 73.
Re8 Rf5 74. Ra8 Kxh4 75. Ra4 Rf4 76. Ra5 Kg4 77. Rxe5 h4 78. Re8 h3+ 79. Kh2
Rf2+ 80. Kg1 Rg2+ 81. Kf1 Kf3 82. Rf8+ Ke3 83. Rh8 Rg3 84. Rh4 Kd3 85. Kf2 Rf3+
86. Ke1 e3 87. Rh8 Rg3 88. Rd8+ Ke4 89. Re8+ Kf3 90. Rh8 Kg2 91. Ke2 h2 0-1

[Event "World Blitz Women 2017"]
[Site "Riyadh KSA"]
[Date "2017.12.30"]
[Round "13.26"]
[White "Bulmaga, Irina"]
[Black "Ding, Yixin"]
[Result "1-0"]
[WhiteTitle "IM"]
[BlackTitle "WGM"]
[WhiteElo "2427"]
[BlackElo "2424"]
[WhiteFideId "13903063"]
[BlackFideId "8602972"]
[EventDate "2017.12.29"]

1. e4 g6 2. d4 Bg7 3. Nc3 c6 4. Nf3 d5 5. h3 dxe4 6. Nxe4 Nd7 7. Bc4 Ngf6 8.
Nxf6+ Nxf6 9. O-O O-O 10. Re1 Nd5 11. c3 b6 12. a4 a5 13. Bg5 Re8 14. Qd2 Bb7
15. Rad1 Qc7 16. h4 h5 17. Bxd5 cxd5 18. Bh6 Bf6 19. Bg5 Bg7 20. Bh6 Bh8 21. Ne5
Rad8 22. Re3 Rd6 23. Bf4 Rf6 24. Rg3 Qc8 25. Re1 Bg7 26. Bg5 Rf5 27. Nd3 Qd7 28.
Bh6 Qxa4 29. Bxg7 Kxg7 30. Ne5 Qb5 31. Qc2 Bc8 32. Ree3 Qa6 33. Ref3 Rxf3 34.
Rxg6+ fxg6 35. Qxg6+ Kf8 36. gxf3 b5 37. Qf7# 1-0

[Event "World Blitz Women 2017"]
[Site "Riyadh KSA"]
[Date "2017.12.30"]
[Round "13.27"]
[White "Zatonskih, Anna"]
[Black "Shuvalova, Polina"]
[Result "1/2-1/2"]
[WhiteTitle "IM"]
[BlackTitle "WIM"]
[WhiteElo "2452"]
[BlackElo "2385"]
[WhiteFideId "14101572"]
[BlackFideId "24171760"]
[EventDate "2017.12.29"]

1. e4 c6 2. d4 d5 3. Nc3 dxe4 4. Nxe4 Bf5 5. Ng3 Bg6 6. Nh3 e6 7. Nf4 Qc7 8. c3
Bd6 9. Qf3 Nd7 10. Be2 Ngf6 11. O-O e5 12. Nxg6 hxg6 13. dxe5 Nxe5 14. Qe3 Nd5
15. Qd4 O-O 16. Ne4 Be7 17. c4 Nf6 18. Bf4 Nfd7 19. Bg3 f5 20. Nd2 Bf6 21. Qf4
Rad8 22. Nf3 Qb6 23. Rab1 Rfe8 24. b3 Nxf3+ 25. Bxf3 Ne5 26. Rfd1 Nd3 27. Qd2
Nb2 28. Qc2 Nxd1 29. c5 Qb4 30. h4 Nc3 31. Rf1 f4 32. Bh2 Ne4 33. a3 Qd4 34.
Bxf4 Nxf2 35. Rxf2 Qxf4 36. Bd5+ Rxd5 37. Rxf4 Bd4+ 38. Kf1 Be5 39. Rf2 Bd4 40.
Rf3 Rxc5 41. Qd2 Bf6 42. g3 Rd5 43. Qc2 Rde5 44. Qxg6 Re1+ 45. Kg2 R1e2+ 46. Kh3
R2e6 47. Qg4 Re4 48. Qg6 R4e6 49. Qd3 Re1 50. Qc4+ Kh8 51. Qf7 R1e7 52. Qh5+ Kg8
53. Qg6 Re6 54. Qc2 Re4 55. Qd3 1/2-1/2

[Event "World Blitz Women 2017"]
[Site "Riyadh KSA"]
[Date "2017.12.30"]
[Round "13.28"]
[White "Pham, Le Thao Nguyen"]
[Black "Nguyen, Thi Mai Hung"]
[Result "1-0"]
[WhiteTitle "IM"]
[BlackTitle "WGM"]
[WhiteElo "2354"]
[BlackElo "2321"]
[WhiteFideId "12401226"]
[BlackFideId "12401676"]
[EventDate "2017.12.29"]

1. d4 d5 2. Nf3 Nf6 3. c4 c6 4. Nc3 e6 5. e3 Nbd7 6. Qc2 Bd6 7. Bd3 O-O 8. O-O
h6 9. b3 b6 10. cxd5 cxd5 11. Nb5 Be7 12. Ne5 Bb7 13. Ba3 Rc8 14. Qb2 a6 15. Nd6
Bxd6 16. Bxd6 Re8 17. Rac1 Ne4 18. Ba3 Nxe5 19. dxe5 Qh4 20. f3 Nc5 21. Bb1 Nd7
22. Bd6 Qh5 23. Qd4 Qg5 24. Bd3 h5 25. h4 Qd8 26. Bb1 b5 27. Kf2 Qb6 28. Qd3 g6
29. Rfd1 a5 30. Qd4 Qxd4 31. exd4 b4 32. g4 hxg4 33. fxg4 Rxc1 34. Rxc1 Rc8 35.
Rxc8+ Bxc8 36. Bd3 Bb7 37. Bc7 Bc6 38. Bxa5 Nb8 39. Bxb4 Bb7 40. Bd6 Nc6 41. Bc5
Na5 42. Ke3 Nc6 43. b4 Kg7 44. a4 Nb8 45. b5 Nd7 46. Ba7 f5 47. gxf5 exf5 48. a5
Nf8 49. a6 Bc8 50. b6 Ne6 51. b7 1-0

[Event "World Blitz Women 2017"]
[Site "Riyadh KSA"]
[Date "2017.12.30"]
[Round "13.29"]
[White "Voit, Daria"]
[Black "Tokhirjonova, Gulrukhbegim"]
[Result "1-0"]
[WhiteTitle "FM"]
[BlackTitle "WGM"]
[WhiteElo "2390"]
[BlackElo "2329"]
[WhiteFideId "4182146"]
[BlackFideId "14203626"]
[EventDate "2017.12.29"]

1. d4 Nf6 2. c4 e6 3. Nf3 Bb4+ 4. Bd2 Qe7 5. g3 O-O 6. Bg2 d5 7. a3 Bxd2+ 8.
Nbxd2 Nc6 9. O-O Rd8 10. e3 b6 11. Qc2 Bb7 12. Rac1 Rac8 13. Rfd1 h6 14. h3 a5
15. c5 e5 16. dxe5 Nxe5 17. Nxe5 Qxe5 18. Nf3 Qe7 19. Nd4 Ne4 20. Bxe4 dxe4 21.
cxb6 cxb6 22. Qb3 Qf6 23. Qb5 g6 24. Qe2 h5 25. h4 Rc5 26. Rxc5 bxc5 27. Nb3
Rxd1+ 28. Qxd1 Qxb2 29. Nxc5 Bc6 30. Qd8+ Kg7 31. Qxa5 Qc1+ 32. Kg2 Qd1 33. Qc3+ 1-0

[Event "World Blitz Women 2017"]
[Site "Riyadh KSA"]
[Date "2017.12.30"]
[Round "13.30"]
[White "Mamedjarova, Turkan"]
[Black "Zhu, Chen"]
[Result "1/2-1/2"]
[WhiteTitle "WGM"]
[BlackTitle "GM"]
[WhiteElo "2260"]
[BlackElo "2423"]
[WhiteFideId "13402005"]
[BlackFideId "8600546"]
[EventDate "2017.12.29"]

1. d4 Nf6 2. Nf3 e6 3. c4 b6 4. a3 Bb7 5. Nc3 d5 6. cxd5 exd5 7. Qc2 Be7 8. Bf4
c6 9. e3 O-O 10. Bd3 Re8 11. O-O Nbd7 12. Ne5 g6 13. h3 Bf8 14. Ne2 Rc8 15. Rac1
Bg7 16. Bh2 Nxe5 17. Bxe5 a6 18. Ng3 c5 19. Qb1 Qe7 20. Rfe1 Bh6 21. f4 Nd7 22.
f5 Nxe5 23. dxe5 Qxe5 24. Nf1 d4 25. fxg6 hxg6 26. Re2 dxe3 27. Rce1 Qd4 28. Nh2
Rcd8 29. Bc2 Kg7 30. Ng4 Bf4 31. Rf1 Re7 32. Qe1 f5 33. Qh4 Rde8 34. Rxf4 Qxf4
35. Qf6+ Kh7 36. Qh4+ Kg7 37. Qf6+ Kh7 38. Qh4+ Kg7 39. Qf6+ 1/2-1/2

[Event "World Blitz Women 2017"]
[Site "Riyadh KSA"]
[Date "2017.12.30"]
[Round "13.31"]
[White "Gvetadze, Sofio"]
[Black "Li, Ruofan"]
[Result "1-0"]
[WhiteTitle "IM"]
[BlackTitle "IM"]
[WhiteElo "2289"]
[BlackElo "2351"]
[WhiteFideId "13601440"]
[BlackFideId "8600643"]
[EventDate "2017.12.29"]

1. e4 e5 2. Nf3 Nc6 3. Bb5 a6 4. Ba4 Nf6 5. d3 b5 6. Bb3 Be7 7. Nbd2 d6 8. c3
O-O 9. Nf1 Na5 10. Bc2 c5 11. Ng3 Re8 12. O-O Bf8 13. h3 Bb7 14. Bg5 h6 15. Be3
Nc6 16. Re1 g6 17. Qd2 Kh7 18. Rad1 Qc7 19. Bb1 d5 20. exd5 Nxd5 21. Ne4 Nxe3
22. Nf6+ Kh8 23. Nxe8 Rxe8 24. Qxe3 Re6 25. Bc2 Kh7 26. Bb3 Re8 27. Bd5 f6 28.
Nh4 Qd6 29. Qf3 f5 30. Nxf5 gxf5 31. Qxf5+ Qg6 32. Qf3 Bg7 33. Be4 Re6 34. Bxg6+
Rxg6 35. g3 Nd8 36. Qe3 Ne6 37. Kf1 Ng5 38. h4 Nf3 39. Qxc5 Nxe1 40. Rxe1 Re6
41. Qc7 Bd5 42. Qd7 Bxa2 43. c4 Rg6 44. Rxe5 bxc4 45. d4 Bb1 46. Re7 Bd3+ 47.
Kg2 h5 48. Qc7 Kh8 49. d5 Rg4 50. d6 Bf8 51. Re8 Be4+ 52. Rxe4 Rxe4 53. d7 Be7
54. d8=Q+ Bxd8 55. Qxd8+ Kg7 56. Qc7+ Kf6 57. Qc6+ Kf5 58. Qxa6 Rd4 59. Qb5+ Ke4
60. Qxh5 Rd2 61. Qg4+ Kd3 62. Qd7+ Kc2 63. Qb5 Kd3 64. h5 Re2 65. h6 Re7 66. h7 1-0

[Event "World Blitz Women 2017"]
[Site "Riyadh KSA"]
[Date "2017.12.30"]
[Round "13.32"]
[White "Melia, Salome"]
[Black "Szczepkowska, Karina"]
[Result "1/2-1/2"]
[WhiteTitle "IM"]
[BlackTitle "IM"]
[WhiteElo "2404"]
[BlackElo "2419"]
[WhiteFideId "13602446"]
[BlackFideId "1122681"]
[EventDate "2017.12.29"]

1. b3 Nf6 2. Bb2 g6 3. Bxf6 exf6 4. c4 Bg7 5. Nc3 f5 6. Rc1 O-O 7. g3 c6 8. Bg2
d6 9. e3 Be6 10. Nge2 Nd7 11. d4 Nf6 12. O-O d5 13. c5 Ne4 14. b4 h5 15. a4 h4
16. b5 hxg3 17. hxg3 Kh7 18. f3 Nf6 19. Kf2 Rh8 20. Rh1+ Kg8 21. Rxh8+ Kxh8 22.
Nf4 Kg8 23. Nd3 Nh5 24. Ne2 a6 25. bxc6 bxc6 26. Rb1 Rb8 27. Rb3 Qc7 28. Qb1 Re8
29. Rb7 Qa5 30. Qb4 Qd8 31. Qb6 Qg5 32. f4 Qh6 33. Qxc6 Nf6 34. Ne5 Qh2 35. Nc3
Rc8 36. Qb6 Nh5 37. Ne2 Nf6 38. Nc3 Nh5 39. Ne2 Nf6 40. Nc3 Nh5 41. Ne2 Nf6 42.
Ng1 1/2-1/2

[Event "World Blitz Women 2017"]
[Site "Riyadh KSA"]
[Date "2017.12.30"]
[Round "13.33"]
[White "Badelka, Olga"]
[Black "Gara, Anita"]
[Result "1/2-1/2"]
[WhiteTitle "WIM"]
[BlackTitle "IM"]
[WhiteElo "2388"]
[BlackElo "2367"]
[WhiteFideId "13509926"]
[BlackFideId "709751"]
[EventDate "2017.12.29"]

1. d4 d6 2. Nf3 Nf6 3. c4 g6 4. Nc3 Bf5 5. Bf4 Bg7 6. e3 O-O 7. h3 c6 8. Be2
Nbd7 9. O-O Re8 10. Bh2 Ne4 11. Nh4 Nxc3 12. bxc3 Be6 13. d5 cxd5 14. cxd5 Bf5
15. Nxf5 gxf5 16. Qc2 Rc8 17. Qxf5 Rxc3 18. Rab1 Qc8 19. h4 Nb6 20. Qe4 e6 21.
dxe6 Rxe6 22. Qg4 Rg6 23. Qf3 Rc5 24. Bf4 Nd5 25. Bd3 Rf6 26. Qh5 Nxf4 27. Qxh7+
Kf8 28. exf4 Rxf4 29. Rfe1 Re5 30. Rec1 Rc5 31. Re1 b6 32. Bb5 Re5 33. Rec1 Rc5
34. Re1 Re5 35. Rec1 Rc5 1/2-1/2

[Event "World Blitz Women 2017"]
[Site "Riyadh KSA"]
[Date "2017.12.30"]
[Round "13.34"]
[White "Munguntuul, Batkhuyag"]
[Black "Charkhalashvili, Inga"]
[Result "1-0"]
[WhiteTitle "IM"]
[BlackTitle "WGM"]
[WhiteElo "2397"]
[BlackElo "2355"]
[WhiteFideId "4900758"]
[BlackFideId "13601431"]
[EventDate "2017.12.29"]

1. e4 c6 2. d4 d5 3. e5 Bf5 4. c4 e6 5. Nc3 dxc4 6. Bxc4 Ne7 7. Nge2 Nd5 8. Ng3
Bg6 9. h4 h6 10. h5 Bh7 11. a3 Be7 12. Qg4 Bf8 13. Nce4 Nb6 14. Bxe6 fxe6 15.
Qxe6+ Qe7 16. Nd6+ Kd8 17. Nf7+ Kc7 18. Qxe7+ Bxe7 19. Nxh8 N8d7 20. Ng6 Bxg6
21. hxg6 Nd5 22. Nf5 Bf8 23. O-O h5 24. Bg5 Re8 25. Rfe1 Re6 26. Nh4 Be7 27.
Bxe7 Rxe7 28. Nf5 Re6 29. Nxg7 Rxg6 30. Nxh5 Rg5 31. Ng3 Nf8 32. Ne4 Rg6 33.
Rad1 Ne6 34. g3 b6 35. Kf1 Rg8 36. f4 Rh8 37. Kg2 Rg8 38. Kf3 Rf8 39. Rh1 Nexf4
40. Rh7+ Kb8 41. Nf6 Ne6 42. Kg2 Ne3+ 43. Kh2 Rd8 44. Rd3 Nf5 45. g4 Nfxd4 46.
g5 Nxg5 47. Rd7 Ngf3+ 48. Kg3 Rxd7 49. Nxd7+ Kc7 50. Nf6 c5 51. Rxf3 Nxf3 52.
Kxf3 Kc6 53. Ke4 b5 1-0